|
|
|
|
| LEADER |
02237nam a2200421 4500 |
| 001 |
ocn680624642 |
| 003 |
OCoLC |
| 005 |
20180501121935.0 |
| 006 |
m o d |
| 007 |
cr cn||||||||| |
| 008 |
101013s2010 ne ad ob 001 0 eng d |
| 040 |
|
|
|a E7B
|b eng
|e pn
|c E7B
|d UPM
|d OCLCQ
|d OPELS
|d OCLCQ
|d YDXCP
|d OCLCF
|d OCLCQ
|d GrThAP
|
| 019 |
|
|
|a 712993268
|
| 020 |
|
|
|a 9780123808714
|q (electronic bk.)
|
| 020 |
|
|
|a 0123808715
|q (electronic bk.)
|
| 020 |
|
|
|a 9780123808707
|q (electronic bk.)
|
| 020 |
|
|
|a 0123808707
|q (electronic bk.)
|
| 035 |
|
|
|a (OCoLC)680624642
|z (OCoLC)712993268
|
| 050 |
|
4 |
|a QK51
|b .A38 2010eb
|
| 082 |
0 |
4 |
|a 580
|2 22
|
| 049 |
|
|
|a TEFA
|
| 245 |
0 |
0 |
|a Advances in botanical research.
|n Volume 54 /
|c series editors, Jean-Claude Kader, Michel Delseny.
|
| 250 |
|
|
|a 1st ed.
|
| 260 |
|
|
|a Amsterdam ;
|a Boston :
|b Elsevier,
|c 2010.
|
| 300 |
|
|
|a 1 online resource (xxv, 198 pages) :
|b illustrations (some color).
|
| 336 |
|
|
|a text
|b txt
|2 rdacontent
|
| 337 |
|
|
|a computer
|b c
|2 rdamedia
|
| 338 |
|
|
|a online resource
|b cr
|2 rdacarrier
|
| 490 |
0 |
|
|a Advances in botanical research,
|x 0065-2296 ;
|v v. 54
|
| 504 |
|
|
|a Includes bibliographical references and indexes.
|
| 588 |
0 |
|
|a Print version record.
|
| 520 |
|
|
|a Edited by Jean-Claude Kader and Michel Delseny, Advances in Botanical Research publishes in-depth and up-to-date reviews on a wide range of topics in plant sciences. Currently in its 54th volume, the series features a wide range of reviews by recognized experts on all aspects of plant genetics, biochemistry, cell biology, molecular biology, physiology and ecology. This eclectic volume features reviews on cutting-edge topics of interest to postgraduates and researchers alike. * Multidisciplinary reviews written from a broad range of scientific perspectives * For over 40 years, series has enjoyed a reputation for excellence * Contributors internationally recognized authorities in their respective fields.
|
| 650 |
|
0 |
|a Botany
|x Research.
|
| 650 |
|
7 |
|a Botany
|x Research.
|2 fast
|0 (OCoLC)fst00836924
|
| 655 |
|
4 |
|a Electronic books.
|
| 700 |
1 |
|
|a Kader, Jean-Claude.
|
| 700 |
1 |
|
|a Delseny, Michel.
|
| 856 |
4 |
0 |
|u https://www.sciencedirect.com/science/bookseries/00652296/54
|z Full Text via HEAL-Link
|